Alaska oil & gas reporter

Bibliographic Details
New Title:Alaska journal of commerce (1986)
Format: Electronic Journal
Language:English
Published: Anchorage, Alaska : MCC Magazines
Subjects:
Online Access:Full text available from Research Library: 03/15/2002 to 09/15/2002

MARC

LEADER 00000nas a2200000 a 4500
001 ssj0000858304
003 WaSeSS
005 20200512172242.0
006 m d
007 cr n
008 130316u20uuuuuuakub| p|s|||||| |0eng d
035 |a (WaSeSS)ssj0000858304 
040 |a WaSeSS  |c WaSeSS  |d WaSeSS 
043 |a n-us-ak 
050 4 |a HD9567.A4 
245 0 0 |a Alaska oil & gas reporter  |h [electronic resource]. 
246 1 |a Alaska oil and gas reporter 
260 |a Anchorage, Alaska :  |b MCC Magazines 
310 |a Bimonthly 
506 |a License restrictions may limit access. 
588 |a Description based on: Vol. 2 (6) (Mar. 15, 2002); title from title screen (ProQuest, viewed March 15, 2013). 
588 |a Latest issue consulted: Vol. 2 (18) (Sep. 15, 2002) (viewed March 15, 2013). 
650 0 |a Petroleum industry and trade  |z Alaska  |v Periodicals. 
650 0 |a Gas industry  |z Alaska  |v Periodicals. 
650 0 |a Natural gas  |z Alaska  |v Periodicals. 
655 0 |a Electronic journals. 
776 0 8 |i Print version:  |t Alaska oil & gas reporter  |x 0271-3276 
785 0 0 |a Alaska journal of commerce (1986)  |x 1537-4963 
856 4 0 |z Full text available from Research Library: 03/15/2002 to 09/15/2002  |u https://search.proquest.com/publication/26938